Philip's world atlas and gazetteer. (9th ed.) (Record no. 81870)

MARC details
000 -LEADER
fixed length control field 00933nam a2200217 a 4500
008 - FIXED-LENGTH DATA ELEMENTS--GENERAL INFORMATION
fixed length control field 120416s2001 ||||||||||||||||| || u
020 ## - INTERNATIONAL STANDARD BOOK NUMBER
International Standard Book Number 0540080683
050 ## - LIBRARY OF CONGRESS CALL NUMBER
Classification number G 1021 Geo
110 ## - MAIN ENTRY--CORPORATE NAME
Corporate name or jurisdiction name as entry element George Philip
245 10 - TITLE STATEMENT
Title Philip's world atlas and gazetteer. (9th ed.)
250 ## - EDITION STATEMENT
Edition statement 9th ed.
260 ## - PUBLICATION, DISTRIBUTION, ETC.
Place of publication, distribution, etc. London:
Name of publisher, distributor, etc. Royal Geographical Society
Date of publication, distribution, etc. 2001
300 ## - PHYSICAL DESCRIPTION
Extent viii, 176p. : ill.
350 ## -
-- 0.00
500 ## - GENERAL NOTE
General note Relief shown by shading and spot heights. Depths shown by gradient tints. "In association with the Royal Geographical Society with the Institute of British Geographers."
650 ## - SUBJECT ADDED ENTRY--TOPICAL TERM
Topical term or geographic name entry element Gazetteers
650 ## - SUBJECT ADDED ENTRY--TOPICAL TERM
Topical term or geographic name entry element ATLASES, BRITISH
650 ## - SUBJECT ADDED ENTRY--TOPICAL TERM
Topical term or geographic name entry element MAPS
995 ## -
-- REFERENCE BOOKS
-- 0.00
-- 735100
-- CBU-MAIN LIBRARY (Kitwe)
-- 2
-- 17.99
-- G 1021 GEO
-- 2
-- REFERENCE
-- 38283
-- Reference Collection
995 ## -
-- REFERENCE BOOKS
-- 0.00
-- 735101
-- CBU-MAIN LIBRARY (Kitwe)
-- 1
-- 17.99
-- G 1021 GEO
-- 1
-- REFERENCE
-- 38282
-- Reference Collection
999 ## -
-- 81870
-- 81870
Holdings
Withdrawn status Lost status Source of classification or shelving scheme Damaged status Not for loan Permanent Location Current Location Shelving location Date acquired Total Checkouts Full call number Barcode Date last seen Copy number Price effective from Koha item type
          CBU-MAIN LIBRARY, KITWE. CBU-MAIN LIBRARY, KITWE.   09/12/2023   G 1021 Geo 38283 09/12/2023 1 09/12/2023 REFERENCE COLLECTION
          CBU-MAIN LIBRARY, KITWE. CBU-MAIN LIBRARY, KITWE.   09/12/2023   G 1021 Geo 38282 09/12/2023 2 09/12/2023 REFERENCE COLLECTION